000 01042nam a22002057a 4500
999 _c62935
_d62935
003 Ge_BSU
005 20250326162426.0
008 250326s1958 ge ||||| |||| 00| 0 geo d
041 _ageo
080 _a616.895.8 ბ-90
100 _aბჟალავა, ი.
_92780
245 _aშიზოფრენიის ფსიქოპათოლოგიისათვის /
_cსაქ. სსრ მეცნ. აკადემია. დ. უზნაძის სახ. ფსიქოლოგიის ინ-ტი.
264 _aთბ. :
_bსაქ. სსრ მეცნ. აკად. გამ-ბა და სტ.,
_c1958.
300 _a252გვ. ;
_b21სმ.
504 _aბიბლიოგრ. ტექსტის შენიშვნებში.
653 _aშიზოფრენია
653 _aმედიცინა
856 _uhttps://dspace.nplg.gov.ge/bitstream/1234/538321/1/Shizofreniis_Fsiqopatologiisatvis_1958.pdf
_yელ. ვერსია
942 _2udc
_cᲬᲘᲒᲜᲘ